MLB Trivia - Statistics

General Stats
  • This quiz has been taken 184 times
  • The average score is 5 of 13
Answer Stats
Hint Answer % Correct
How did Derek Jeter hit his 3,000th career hit? Home Run
82%
Who is the only player to hit two grand slams in one inning? Fernando Tatis
73%
Who is 2nd on the list for most home runs in a single season? Mark McGwire
58%
In what year did Joe DiMaggio have a 56 game hit streak and Ted Williams had .406 batting average? 1941
56%
Who has the record for most career RBIs? Hank Aaron
51%
Before 2004, when was the last time the Boston Red Sox won the World Series? 1918
50%
Who has the record for most career runs scored? Ricky Henderson
34%
Which Negro League team did Jackie Robinson play for? Kansas City Monarchs
30%
Who won 4 straight Cy Young awards? Greg Maddux
28%
Who won the 2007 NL MVP? Jimmy Rollins
21%
Which pitcher had 31 wins in 1968? Denny McLain
18%
Who won the 2002 World Series MVP? Troy Glaus
11%
Who was the pitcher for ^? Chan Ho Park
10%
No matching quizzes found
Score Distribution
Percent of People with Each Score
Percentile by Number Answered
Your Score History
You have not taken this quiz